Countries In between the tropic of cancer and tropic of capricorn - Statistics

General Stats
  • This quiz has been taken 11 times
    3 since last reset
  • The average score is 83 of 91
Answer Stats
Answer % Correct
Angola
100%
Antigua and Barbuda
100%
Benin
100%
Bolivia
100%
brunei
100%
Burkina Faso
100%
cambodia
100%
Cameroon
100%
Central African Republic
100%
Chad
100%
colombia
100%
Comoros
100%
Costa rica
100%
cuba
100%
Djibouti
100%
dominica
100%
Dominican Republic
100%
D.R.Congo
100%
east timor
100%
ecuador
100%
el salvador
100%
Equatorial Guinea
100%
Eritria
100%
Ethiopia
100%
France
100%
Gabon
100%
Gambia
100%
Ghana
100%
Grenada
100%
Guatemala
100%
Guinea
100%
Guyana
100%
Haiti
100%
honduras
100%
indonesia
100%
Ivory Coast
100%
Jamaica
100%
Kenya
100%
Kiribati
100%
laos
100%
Liberia
100%
malaysia
100%
Maldives
100%
Mauritius
100%
Micronesia
100%
Nauru
100%
netherlands
100%
nicaragua
100%
Niger
100%
Nigeria
100%
Palau
100%
Panama
100%
papua new guinea
100%
peru
100%
Republic of the Congo
100%
samoa
100%
Seychelles
100%
singapore
100%
solomon islands
100%
somalia
100%
South Sudan
100%
Sri Lanka
100%
St Lucia
100%
Sudan
100%
suriname
100%
Tanzania
100%
thailand
100%
Togo
100%
tonga
100%
Trinidad and Tobago
100%
tuvalu
100%
United kingdom
100%
usa
100%
Vanuatu
100%
venezuela
100%
Vietnam
100%
Zambia
100%
Zimbabwe
100%
Barbados
67%
Burundi
67%
Fiji
67%
Malawi
67%
marshall islands
67%
Rwanda
67%
Uganda
67%
Cabo Verde
33%
Saint Vincents and The Grenadines
33%
Guinea Bassau
0%
phillipines
0%
Sengal
0%
Sierra Lione
0%
No matching quizzes found
Score Distribution
Percent of People with Each Score
Percentile by Number Answered
Your Score History
You have not taken this quiz since the last reset